000 00790nam a2200181Ia 4500
008 100921s9999 xx 000 0 und d
082 _b6873
_a920-2 थ 89
100 _aनरके हरी रामचंद्र.
245 _aम. फुलेंची बदनामी : एक सत्यशोधन.
260 _bसुगावा प्रकाशन, पुणे.
_c1989
300 _a128
_b---
365 _b25
520 _aचरित्र व कार्य-म.फुले.
630 _aम. फुलेंची बदनामी : एक सत्यशोधन.
650 _aचरित्र व कार्य-म.फुले.
730 _aम. फुलेंची बदनामी : एक सत्यशोधन.
942 _cBOOK
999 _c755986
_d755983